Normal view MARC view
  • Guide Name:Sahastrabuddhe Swati

Entry Personal Name

Number of records used in: 1

001 - CONTROL NUMBER

  • control field: 210344

003 - CONTROL NUMBER IDENTIFIER

  • control field: OSt

005 - DATE AND TIME OF LATEST TRANSACTION

  • control field: 20250110171528.0

008 - FIXED-LENGTH DATA ELEMENTS

  • fixed length control field: 250110|| aca||aabn | a|a d

040 ## - CATALOGING SOURCE

  • Original cataloging agency: OSt
  • Transcribing agency: OSt

100 ## - HEADING--PERSONAL NAME

  • Personal name: Guide Name:Sahastrabuddhe Swati

670 ## - SOURCE DATA FOUND

  • Source citation: Work cat.: (OSt)363536: Attal Aparna 182669, Landscape Approach Towards THe Heritage Walk At Wai, 2014